<?xml version="1.0" encoding="UTF-8"?>
<record
    xmlns:xsi="http://www.w3.org/2001/XMLSchema-instance"
    xsi:schemaLocation="http://www.loc.gov/MARC21/slim http://www.loc.gov/standards/marcxml/schema/MARC21slim.xsd"
    xmlns="http://www.loc.gov/MARC21/slim">

  <leader>00878nam a2200181Ia 4500</leader>
  <controlfield tag="008">100921s9999    xx            000 0 und d</controlfield>
  <datafield tag="082" ind1=" " ind2=" ">
    <subfield code="b">43204</subfield>
    <subfield code="a">920.72 &#x928; 09</subfield>
  </datafield>
  <datafield tag="100" ind1=" " ind2=" ">
    <subfield code="a">&#x917;&#x935;&#x93E;&#x923;&#x915;&#x930; &#x935;&#x940;&#x923;&#x93E;.</subfield>
  </datafield>
  <datafield tag="245" ind1=" " ind2=" ">
    <subfield code="a">&#x930;&#x94B;&#x91C;&#x932;&#x93F;&#x902;&#x921; &#x92B;&#x94D;&#x930;&#x901;&#x915;&#x932;&#x93F;&#x928;-&#x926; &#x921;&#x93E;&#x930;&#x94D;&#x915; &#x932;&#x947;&#x921;&#x940; &#x911;&#x92B; &#x921;&#x940;&#x90F;&#x928;&#x90F;.</subfield>
  </datafield>
  <datafield tag="260" ind1=" " ind2=" ">
    <subfield code="b">&#x930;&#x93E;&#x91C;&#x939;&#x902;&#x938; &#x92A;&#x94D;&#x930;&#x915;&#x93E;&#x936;&#x928;, &#x92A;&#x941;&#x923;&#x947;.</subfield>
    <subfield code="c">2009</subfield>
  </datafield>
  <datafield tag="300" ind1=" " ind2=" ">
    <subfield code="a">144</subfield>
    <subfield code="b">&#x915;&#x932;&#x93E;&#x92D;&#x93E;&#x930;&#x924;&#x940; &#x935;&#x93F;&#x924;&#x930;&#x923;,&#x92A;&#x941;&#x923;&#x947;</subfield>
  </datafield>
  <datafield tag="365" ind1=" " ind2=" ">
    <subfield code="b">130</subfield>
  </datafield>
  <datafield tag="520" ind1=" " ind2=" ">
    <subfield code="a">&#x91A;&#x930;&#x93F;&#x924;&#x94D;&#x930;&#x947;-&#x938;&#x94D;&#x924;&#x94D;&#x930;&#x92F;&#x93F;&#x93E;.</subfield>
  </datafield>
  <datafield tag="630" ind1=" " ind2=" ">
    <subfield code="a">&#x930;&#x94B;&#x91C;&#x932;&#x93F;&#x902;&#x921; &#x92B;&#x94D;&#x930;&#x901;&#x915;&#x932;&#x93F;&#x928;-&#x926; &#x921;&#x93E;&#x930;&#x94D;&#x915; &#x932;&#x947;&#x921;&#x940; &#x911;&#x92B; &#x921;&#x940;&#x90F;&#x928;&#x90F;.</subfield>
  </datafield>
  <datafield tag="650" ind1=" " ind2=" ">
    <subfield code="a">&#x91A;&#x930;&#x93F;&#x924;&#x94D;&#x930;&#x947;-&#x938;&#x94D;&#x924;&#x94D;&#x930;&#x92F;&#x93F;&#x93E;.</subfield>
  </datafield>
  <datafield tag="730" ind1=" " ind2=" ">
    <subfield code="a">&#x930;&#x94B;&#x91C;&#x932;&#x93F;&#x902;&#x921; &#x92B;&#x94D;&#x930;&#x901;&#x915;&#x932;&#x93F;&#x928;-&#x926; &#x921;&#x93E;&#x930;&#x94D;&#x915; &#x932;&#x947;&#x921;&#x940; &#x911;&#x92B; &#x921;&#x940;&#x90F;&#x928;&#x90F;.</subfield>
  </datafield>
  <datafield tag="942" ind1=" " ind2=" ">
    <subfield code="c">BOOK</subfield>
  </datafield>
  <datafield tag="999" ind1=" " ind2=" ">
    <subfield code="c">792317</subfield>
    <subfield code="d">792314</subfield>
  </datafield>
  <datafield tag="952" ind1=" " ind2=" ">
    <subfield code="0">0</subfield>
    <subfield code="1">0</subfield>
    <subfield code="4">0</subfield>
    <subfield code="7">0</subfield>
    <subfield code="a">WAITILAKGS</subfield>
    <subfield code="b">WAITILAKGS</subfield>
    <subfield code="c">920.72 &#x928; 09</subfield>
    <subfield code="d">0000-00-00</subfield>
    <subfield code="g">130.00</subfield>
    <subfield code="l">0</subfield>
    <subfield code="p">WAITILAKGS-43204</subfield>
    <subfield code="r">2010-09-21 00:00:00</subfield>
    <subfield code="w">2010-09-21</subfield>
    <subfield code="y">BOOK</subfield>
    <subfield code="z">&#x926;&#x947;&#x935;&#x918;&#x947;&#x935;</subfield>
  </datafield>
</record>
